00706nam a2200241Ia 450000100060000000300090000600800410001504000130005604000130006904100120008210000190009410000290011324500390014224500540018125000110023526000110024626000260025726000490028330000570033250000200038965000240040965000310043341882IT-RoPAU130308s9999 xx 000 0 und d aIT-RoPAU cIT-RoPAU aINGLESE aSchwimmer Eric gCodice Aut. SPICS: 3908 aFeasting and Tourism: a Comparison bFete (La)-Approches semiotiques (Documenti 92/93) a1a ed. aITALIA bUniversita' Di Urbino c1980 [1° Ed.:1980 - Ed.Ling.Originale:1978] a"14 p. (prefazione: no ; testo: 14 [pagine: 11-25])" aFesta e Turismo aSAGGI DI SEMIOLOGIA eCodice materia Spics: 3257